Iowa State Football: Top 10 All-Time Leaders - Statistics

General Stats
  • This quiz has been taken 23 times
  • The average score is 14 of 62
Answer Stats
Category # Player Amount % Correct
Passing Yards 1 Brock Purdy 12,170
100%
Passing Yards 3 Rocco Becht 8,920
94%
Rushing Yards 2 Breece Hall 3,941
82%
Rushing Yards 7 David Montgomery 2,925
76%
Receiving Yards 4 Jaylin Noel 2,851
76%
Receiving Yards 7 Jayden Higgins 2,166
71%
Receiving Yards 1 Allen Lazard 3,360
65%
Passing Yards 7 Seneca Wallace 5,289
59%
Receiving Yards 3 Xavier Hutchinson 2,929
59%
Sacks 1 Will McDonald IV 34.0
53%
Rushing Yards 1 Troy Davis 4,382
47%
Receiving Yards 6 Charlie Kolar 2,181
41%
Rushing Yards 3 Darren Davis 3,763
41%
Receiving Yards 8 Hakeem Butler 2,149
41%
Interceptions T9 Jeremiah Cooper 8
35%
Sacks T8 Lester Williams 14.0
35%
Tackles 4 A.J. Klein 361
29%
Passing Yards 9 Sage Rosenfels 4,164
29%
Passing Yards 2 Bret Meyer 9,499
24%
Receiving Yards 9 Deshaunte Jones 2,052
24%
Sacks 2 JaQuan Bailey 25.5
18%
Passing Yards 5 Sam B. Richardson 6,050
18%
Receiving Yards 2 Todd Blythe 3,096
18%
Rushing Yards 5 Alexander Robinson 3,309
12%
Passing Yards 4 Austen Arnaud 6,777
12%
Interceptions T6 Ellis Hobbs 9
12%
Tackles 7 Jake Knott 347
12%
Interceptions T9 Jake Knott 8
12%
Tackles 6 Larry Hunt 352
12%
Passing Yards 6 Alex Espinoza 5,307
6%
Interceptions T9 Andrew Buggs 8
6%
Interceptions 1 Barry Hill 21
6%
Tackles 5 Brad Storm 354
6%
Sacks 4 Brent Curvey 17.0
6%
Tackles 1 Chris Washington 457
6%
Passing Yards 10 David Archer 4,104
6%
Rushing Yards 4 Dexter Green 3,585
6%
Interceptions 5 Don Ferguson 10
6%
Rushing Yards 8 Ennis Haywood 2,862
6%
Interceptions 4 Everett Kischer 11
6%
Sacks T6 Eyioma Uwazurike 15.0
6%
Tackles 10 James Reed 333
6%
Sacks T8 James Reed 14.0
6%
Interceptions T6 Jeff Simonds 9
6%
Rushing Yards 9 Joe Henderson 2,715
6%
Interceptions 3 John Schweizer 12
6%
Tackles 2 Keith Schroeder 398
6%
Receiving Yards 5 Lane Danielsen 2,690
6%
Interceptions T6 Larry Crawford 9
6%
Interceptions T9 Marc Timmons 8
6%
Tackles 9 Mark DouBrava 334
6%
Rushing Yards 6 Mike Strachan 3,058
6%
Sacks T6 Nick Leaders 15.0
6%
Sacks 10 O'Rien Vance 13.5
6%
Sacks 5 Reggie Hayward 16.5
6%
Tackles 8 Shamus McDonogh 335
6%
Sacks 3 Shawn Morehead 18.5
6%
Rushing Yards 10 Stevie Hicks 2,601
6%
Tackles 3 Ted Jornov 395
6%
Passing Yards 8 Todd Bandhauer 5,235
6%
Interceptions 2 Tony Washington 14
6%
Receiving Yards 10 Tracy Henderson 2,048
6%
No matching quizzes found
Score Distribution
Percent of People with Each Score
Percentile by Number Answered
Your Score History
You have not taken this quiz